00407nam a2200157Ia 45000010006000000050017000060080041000230410008000640820026000721000034000982450064001322600009001963000028002056500008002336540008002411869320260306171649.0260306s9999||||xx |||||||||||||| ||und|| aESP a658.5bA57 2015 ej. 2 aAnaya Tejero, Julio JuaneAUT 0aLogística integral:bla gestión operativa de la empresa c2015 a276 páginas :c24 cm. aGEN aCAN